00447 2200181 4500001002100000005001500021008004100036020001800077035001900095041000700114082000800121090001400129100002000143245001100163260004400174300002000218650002700238INLIS00000000001861520241224115534241224||||||||| | ||| |||| || |  a979-9219-89-2 0010-1224018615 aid0 a813 a813 DAR o0 aHASYIM SRI MUDA00aOH IBU aBandungbSarana Panca Karya Nusa.c2005 a63hlm;14.5x21cm 0akesusastraan Indonesia